Best Practices in Teaching Digital Literacies (Record no. 60113)
[ view plain ]
| 000 -LEADER | |
|---|---|
| fixed length control field | 00872nam a22002297a 4500 |
| 005 - DATE AND TIME OF LATEST TRANSACTION | |
| control field | 20260203115728.0 |
| 008 - FIXED-LENGTH DATA ELEMENTS--GENERAL INFORMATION | |
| fixed length control field | 260203b |||||||| |||| 00| 0 eng d |
| 020 ## - INTERNATIONAL STANDARD BOOK NUMBER | |
| International Standard Book Number | 978-1-78754-551-9 |
| 050 ## - LIBRARY OF CONGRESS CALL NUMBER | |
| Classification number | LB1028.5 |
| Item number | .B47 2018 |
| 245 ## - TITLE STATEMENT | |
| Title | Best Practices in Teaching Digital Literacies |
| 260 ## - PUBLICATION, DISTRIBUTION, ETC. (IMPRINT) | |
| Place of publication, distribution, etc | Bingley, UK |
| Name of publisher, distributor, etc | Emerald Publishing Limited |
| Date of publication, distribution, etc | © 2018 |
| 300 ## - PHYSICAL DESCRIPTION | |
| Extent | xi, 259 p. : |
| Other physical details | illustrations ; |
| Dimensions | 23 cm. |
| 440 ## - SERIES STATEMENT/ADDED ENTRY--TITLE | |
| Title | Literacy Research, Practice and Evaluation Volume 9 |
| 500 ## - GENERAL NOTE | |
| General note | Includes bibliographical references and index. |
| 650 ## - SUBJECT ADDED ENTRY--TOPICAL TERM | |
| Topical term or geographic name as entry element | Educational technology |
| 650 ## - SUBJECT ADDED ENTRY--TOPICAL TERM | |
| Topical term or geographic name as entry element | Computer-assisted instruction |
| 700 ## - ADDED ENTRY--PERSONAL NAME | |
| Personal name | Ortlieb, Evan |
| Relator term | Editor |
| 700 ## - ADDED ENTRY--PERSONAL NAME | |
| Personal name | Cheek, Earl H. Jr. |
| Relator term | Editor |
| 700 ## - ADDED ENTRY--PERSONAL NAME | |
| Personal name | Semingson, Peggy |
| Relator term | Editor |
| 856 ## - ELECTRONIC LOCATION AND ACCESS | |
| Uniform Resource Identifier | https://www.emerald.com/books/edited-volume/15764/Best-Practices-in-Teaching-Digital-Literacies |
| 942 ## - ADDED ENTRY ELEMENTS (KOHA) | |
| Source of classification or shelving scheme | Library of Congress Classification |
| Item type | E-book |
| Withdrawn status | Lost status | Source of classification or shelving scheme | Damaged status | Not for loan | Home library | Current library | Date acquired | Total Checkouts | Full call number | Date last seen | Uniform Resource Identifier | Price effective from | Koha item type |
|---|---|---|---|---|---|---|---|---|---|---|---|---|---|
| Library of Congress Classification | Nairobi Campus | Nairobi Campus | 03/02/2026 | LB1028.5 .B47 2018 | 03/02/2026 | https://www.emerald.com/books/edited-volume/15764/Best-Practices-in-Teaching-Digital-Literacies | 03/02/2026 | E-book |